[Event "II Aberto Prof Joao Braga"]
[Site "Clube de Xadrez Sao Paulo"]
[Date "2014.12.14"]
[Round "5.30"]
[White "Brujin, Homero"]
[Black "Camargo, Luca Oshiro"]
[Result "0-1"]
[WhiteElo "1505"]
[BlackElo "1488"]
[PlyCount "54"]
[EventDate "2014.12.12"]

1. d4 d5 2. Nf3 Nc6 3. g3 Bf5 4. c3 Qd7 5. Bg2 O-O-O 6. O-O f6 7. Nbd2 g5 8.
Nb3 e6 9. Ne1 h5 10. h3 e5 11. dxe5 Nxe5 12. Kh2 Ng6 13. Rh1 N8e7 14. Qd4 Nc6
15. Qa4 Kb8 16. Be3 a6 17. Rd1 Qe6 18. Nd4 Nxd4 19. Qxd4 Ne7 20. Qa7+ Kc8 21.
Qa8+ Kd7 22. Rxd5+ Nxd5 23. Qxb7 Be4 24. Nf3 Nxe3 25. Nd4 Bxb7 26. Nxe6 Bxg2
27. Nxd8 Bxh1 0-1

[Event "II Aberto Prof Joao Braga"]
[Site "Clube de Xadrez Sao Paulo"]
[Date "2014.12.14"]
[Round "6.1"]
[White "Santos, Marcus Vinicius More"]
[Black "Mendonca, Mateus Nakajo"]
[Result "0-1"]
[WhiteElo "2331"]
[BlackElo "2390"]
[PlyCount "84"]
[EventDate "2014.12.12"]

1. d4 d5 2. c4 e6 3. Nc3 c6 4. e3 Nf6 5. Nf3 Nbd7 6. Bd3 dxc4 7. Bxc4 b5 8. Bd3
Bd6 9. O-O O-O 10. Qc2 Bb7 11. h3 Rc8 12. Ng5 h6 13. Nge4 Be7 14. Nxf6+ Nxf6
15. Ne4 Nd7 16. Nc5 Nxc5 17. dxc5 Bxc5 18. Bh7+ Kh8 19. Qxc5 Kxh7 20. Qxa7 Qe7
21. b4 Rfd8 22. e4 Ra8 23. Qc5 Qxc5 24. bxc5 Ra4 25. Be3 Rxe4 26. Rfd1 Rd5 27.
Rac1 Ra4 28. Rxd5 exd5 29. Rc2 d4 30. Bd2 Bc8 31. Rb2 Be6 32. Kf1 Bxa2 33. Ke2
Bc4+ 34. Kf3 Bd5+ 35. Kg3 Ra3+ 36. f3 Rc3 37. Rb4 Rxc5 38. Rxd4 Rc2 39. h4 Be6
40. Kf4 c5 41. Rd8 b4 42. g4 b3 0-1

[Event "II Aberto Prof Joao Braga"]
[Site "Clube de Xadrez Sao Paulo"]
[Date "2014.12.14"]
[Round "6.2"]
[White "Brito, Luismar"]
[Black "Matsuura, Everaldo"]
[Result "0-1"]
[WhiteElo "2251"]
[BlackElo "2506"]
[PlyCount "68"]
[EventDate "2014.12.12"]

1. e4 e5 2. Nf3 Nc6 3. Bb5 a6 4. Ba4 Nf6 5. O-O Be7 6. Re1 b5 7. Bb3 d6 8. c3
O-O 9. h3 Na5 10. Bc2 c5 11. d4 Qc7 12. d5 c4 13. Nbd2 Nb7 14. Nf1 Nc5 15. N3h2
Rb8 16. g4 h6 17. Qf3 Nh7 18. Qg3 Bg5 19. f4 exf4 20. Bxf4 Bxf4 21. Qxf4 f6 22.
Nf3 Ng5 23. Kg2 Nxf3 24. Qxf3 Nd7 25. Ng3 Ne5 26. Qe3 Bd7 27. Ne2 b4 28. b3 a5
29. Rec1 Rfc8 30. cxb4 Rxb4 31. a3 Rb7 32. bxc4 Nxc4 33. Qd4 Qb8 34. Ba4 Bxa4
0-1

[Event "II Aberto Prof Joao Braga"]
[Site "Clube de Xadrez Sao Paulo"]
[Date "2014.12.14"]
[Round "6.3"]
[White "Oliveira, Jonathan De"]
[Black "Pires, Marcos Vinicius Tors"]
[Result "1-0"]
[WhiteElo "2105"]
[BlackElo "2282"]
[PlyCount "71"]
[EventDate "2014.12.12"]

1. c4 e6 2. Nf3 d5 3. e3 Nf6 4. b3 Be7 5. Bb2 O-O 6. Be2 c5 7. O-O Nc6 8. cxd5
exd5 9. d4 cxd4 10. Nxd4 a6 11. Nc3 Bd6 12. Bf3 Bc7 13. g3 Bh3 14. Bg2 Bxg2 15.
Kxg2 Qe7 16. Qd3 Ne5 17. Qe2 Rfd8 18. Rfd1 Ba5 19. a3 Rac8 20. b4 Bb6 21. Rac1
Ba7 22. Ba1 Qe8 23. Nf5 Qe6 24. Qc2 Nc4 25. Qd3 b5 26. Ne2 Ne5 27. Rxc8 Rxc8
28. Nf4 Qe8 29. Bxe5 Qxe5 30. Nxd5 Rf8 31. Nxf6+ Qxf6 32. Qd7 Qb6 33. Rd6 Qb8
34. Ne7+ Kh8 35. Nc6 Qa8 36. Qxa7 1-0

[Event "II Aberto Prof Joao Braga"]
[Site "Clube de Xadrez Sao Paulo"]
[Date "2014.12.14"]
[Round "6.4"]
[White "Sztokbant, Bernardo Vainzoff"]
[Black "Bastos Seixas, Pedro Lucas"]
[Result "1-0"]
[WhiteElo "2297"]
[BlackElo "1965"]
[PlyCount "129"]
[EventDate "2014.12.12"]

1. e4 c5 2. Nf3 Nc6 3. d4 cxd4 4. Nxd4 g6 5. c4 Bg7 6. Be3 d6 7. Nc3 Nf6 8. Be2
Nxd4 9. Bxd4 O-O 10. O-O Bd7 11. Qd2 Bc6 12. f3 Nd7 13. Be3 a5 14. b3 Qc7 15.
Rfc1 b6 16. Nd5 Bxd5 17. cxd5 Qb7 18. Rab1 Rfc8 19. Bb5 Rab8 20. Bc6 Qa7 21. a3
Ne5 22. Bb5 h5 23. h3 Nd7 24. Qf2 Rxc1+ 25. Rxc1 Nc5 26. b4 axb4 27. axb4 Nb3
28. Rb1 Qa3 29. Bc4 Na1 30. Bd4 Bxd4 31. Qxd4 Nc2 32. Qd2 Qe3+ 33. Qxe3 Nxe3
34. Bd3 b5 35. Rc1 Nc4 36. Bxc4 Rc8 37. Kf2 Kf8 38. Ke3 bxc4 39. Kd4 Ke8 40.
Rxc4 Rb8 41. Kc3 Kd7 42. Rc6 h4 43. Kc4 Ra8 44. b5 Ra2 45. b6 Rc2+ 46. Kb5 Rb2+
47. Kc4 Rc2+ 48. Kb5 Rb2+ 49. Ka5 Ra2+ 50. Kb4 Rb2+ 51. Kc3 Rb5 52. f4 Rb1 53.
Rc7+ Kd8 54. Rb7 Rb5 55. Rb8+ Kd7 56. Kd4 Rb4+ 57. Ke3 Rb3+ 58. Kf2 f5 59. e5
Rb2+ 60. Ke3 dxe5 61. fxe5 Rxg2 62. e6+ Kd6 63. Rd8+ Ke5 64. b7 Rg3+ 65. Kf2
1-0

[Event "II Aberto Prof Joao Braga"]
[Site "Clube de Xadrez Sao Paulo"]
[Date "2014.12.14"]
[Round "6.5"]
[White "De Moura, Sergio Jovelino"]
[Black "Quintiliano Pinto, Renato R"]
[Result "1-0"]
[WhiteElo "2121"]
[BlackElo "2390"]
[PlyCount "53"]
[EventDate "2014.12.12"]

1. e4 c5 2. Nf3 d6 3. d4 cxd4 4. Nxd4 Nf6 5. Nc3 a6 6. Bc4 e6 7. O-O b5 8. Bb3
Be7 9. f4 O-O 10. Be3 b4 11. Na4 Nxe4 12. f5 d5 13. fxe6 fxe6 14. Nf5 Bg5 15.
Bxg5 Nxg5 16. Qd4 Rf7 17. Qb6 Rc7 18. Nd4 Qe7 19. Rae1 Rb7 20. Qc5 Qxc5 21.
Nxc5 Rf7 22. Ndxe6 Nxe6 23. Bxd5 Raa7 24. Nxe6 Kh8 25. Ng5 Rxf1+ 26. Rxf1 Nd7
27. Nf7+ 1-0

[Event "II Aberto Prof Joao Braga"]
[Site "Clube de Xadrez Sao Paulo"]
[Date "2014.12.14"]
[Round "6.6"]
[White "Brandao, Renan Alves"]
[Black "Tsuboi, Edson Kenji"]
[Result "1-0"]
[WhiteElo "2067"]
[BlackElo "2252"]
[PlyCount "85"]
[EventDate "2014.12.12"]

1. e4 c5 2. Nf3 Nc6 3. d4 cxd4 4. Nxd4 e6 5. Nc3 Qc7 6. Be3 a6 7. Qd2 Nf6 8.
O-O-O Bb4 9. f3 Na5 10. Nb3 d5 11. Kb1 Bxc3 12. bxc3 Nxb3 13. axb3 O-O 14. e5
Nd7 15. f4 b6 16. Bd4 a5 17. Bb5 Nc5 18. Qe3 Ba6 19. Bxa6 Rxa6 20. Bxc5 bxc5
21. f5 exf5 22. Rxd5 c4 23. Qc5 Rc6 24. Qxa5 Qxa5 25. Rxa5 cxb3 26. cxb3 Rxc3
27. Kb2 Rfc8 28. Ka3 Rc2 29. g3 g6 30. b4 R8c3+ 31. Ka4 Re3 32. Rd5 Ra2+ 33.
Kb5 Re4 34. Rb1 Rxh2 35. Kc6 Rc4+ 36. Kd6 Rhc2 37. Rc5 Rd4+ 38. Kc6 Rxc5+ 39.
Kxc5 Rd8 40. b5 Kf8 41. b6 Ke7 42. b7 Rb8 43. Rb6 1-0

[Event "II Aberto Prof Joao Braga"]
[Site "Clube de Xadrez Sao Paulo"]
[Date "2014.12.14"]
[Round "6.7"]
[White "Dornelles, Marcio Neron Camarg"]
[Black "Rodrigues, Leonardo De Miranda"]
[Result "0-1"]
[WhiteElo "1966"]
[BlackElo "2173"]
[PlyCount "78"]
[EventDate "2014.12.12"]

1. d4 Nf6 2. c4 e6 3. Nc3 Bb4 4. Qc2 c5 5. dxc5 O-O 6. Nf3 Na6 7. a3 Bxc3+ 8.
Qxc3 Nxc5 9. b4 Nce4 10. Qd4 d6 11. g3 e5 12. Qe3 Qc7 13. Bg2 Qxc4 14. Nd2 Nxd2
15. Bxd2 d5 16. Rc1 Qa6 17. O-O Re8 18. Rc5 Be6 19. Rfc1 b6 20. Rc7 Bf5 21. Kf1
Rad8 22. Qb3 Bd7 23. Bg5 Ba4 24. Qf3 e4 25. Qf4 Re6 26. Bh3 Red6 27. Qe5 Be8
28. Re7 Bb5 29. Rcc7 Bxe2+ 30. Ke1 Qd3 31. Bd2 Bh5 32. Bf1 Qf3 33. Rc1 Rc6 34.
Rc7 Rxc1+ 35. Rxc1 Qxf2+ 36. Kxf2 Ng4+ 37. Kg2 Nxe5 38. Rc7 d4 39. Rxa7 e3 0-1

[Event "II Aberto Prof Joao Braga"]
[Site "Clube de Xadrez Sao Paulo"]
[Date "2014.12.14"]
[Round "6.8"]
[White "D'israel, Davy"]
[Black "Araujo, Renan Aparecido"]
[Result "1-0"]
[WhiteElo "2206"]
[BlackElo "1966"]
[PlyCount "99"]
[EventDate "2014.12.12"]

1. d4 Nf6 2. c4 g6 3. Nc3 Bg7 4. e4 d6 5. Nf3 O-O 6. h3 e5 7. d5 Nh5 8. g3 a5
9. Be2 Na6 10. Nd2 Nf6 11. g4 Nd7 12. Nf1 h6 13. h4 Ndc5 14. Ng3 Kh7 15. Be3 c6
16. h5 g5 17. O-O Nc7 18. a3 N5a6 19. b4 Ne8 20. Qb3 c5 21. bxc5 Nxc5 22. Bxc5
dxc5 23. Na4 Nf6 24. f3 Nd7 25. Nf5 Ra6 26. Rab1 Re8 27. Qe3 Bf8 28. Rb5 Rf6
29. Rfb1 b6 30. Kg2 Ba6 31. R5b2 Qc7 32. Qb3 Rb8 33. Nc3 Rb7 34. Qd1 Qb8 35.
Qf1 Bd6 36. Bd1 Be7 37. Ba4 Bd8 38. Qd3 Qc8 39. d6 Nf8 40. Nd5 Ne6 41. Nxf6+
Bxf6 42. d7 Qb8 43. Qd6 Qa7 44. Rxb6 Rxb6 45. Rxb6 Bxc4 46. Qb8 Qxb8 47. Rxb8
Bd3 48. Nd6 Nd8 49. Rc8 Be7 50. Nf5 1-0

[Event "II Aberto Prof Joao Braga"]
[Site "Clube de Xadrez Sao Paulo"]
[Date "2014.12.14"]
[Round "6.9"]
[White "Souza Neves, Andrey M"]
[Black "Dias, Joao Batista"]
[Result "1-0"]
[WhiteElo "2147"]
[BlackElo "1838"]
[PlyCount "55"]
[EventDate "2014.12.12"]

1. d4 d5 2. Bf4 Nf6 3. e3 c6 4. h3 Bf5 5. Nf3 Qb6 6. Qc1 e6 7. Be2 Nbd7 8. O-O
Rc8 9. Nbd2 c5 10. c3 cxd4 11. exd4 Be7 12. Nh4 Bg6 13. Nxg6 hxg6 14. Bd3 Nh5
15. Bh2 Bg5 16. f4 Bf6 17. Nf3 Be7 18. Ne5 Nhf6 19. Qc2 a6 20. Bxg6 Rf8 21.
Bxf7+ Rxf7 22. Qg6 Nxe5 23. fxe5 Qxb2 24. exf6 Bxf6 25. Rab1 Qa3 26. Rxb7 Qf8
27. Bd6 Qg8 28. Rxf6 1-0

[Event "II Aberto Prof Joao Braga"]
[Site "Clube de Xadrez Sao Paulo"]
[Date "2014.12.14"]
[Round "6.10"]
[White "Pritsopoulos, Constantino"]
[Black "Ueti, Silvio Shigueo"]
[Result "1/2-1/2"]
[WhiteElo "1870"]
[BlackElo "2147"]
[PlyCount "55"]
[EventDate "2014.12.12"]

1. e4 c5 2. Nf3 e6 3. b3 b6 4. Bb2 Bb7 5. Nc3 d6 6. Bb5+ Nd7 7. d4 a6 8. Bxd7+
Qxd7 9. dxc5 bxc5 10. Qd3 Nf6 11. O-O-O Qc7 12. Rhe1 c4 13. Qe2 cxb3 14. axb3
Be7 15. Kb1 O-O 16. Nd4 Rac8 17. f4 d5 18. exd5 Bb4 19. Nc6 Bxc6 20. dxc6 Qxc6
21. Rd3 Rfd8 22. Rg3 g6 23. Qe5 Nd7 24. Qh5 Bf8 25. Rc1 Bg7 26. Qh4 a5 27. Rh3
h6 28. g4 1/2-1/2

[Event "II Aberto Prof Joao Braga"]
[Site "Clube de Xadrez Sao Paulo"]
[Date "2014.12.14"]
[Round "6.11"]
[White "Farah, Daniel Landshoff"]
[Black "Valente, Rodrigo De Deus"]
[Result "1-0"]
[WhiteElo "1858"]
[BlackElo "2043"]
[PlyCount "97"]
[EventDate "2014.12.12"]

1. e4 c5 2. Nf3 Nc6 3. g3 g6 4. Bg2 Bg7 5. O-O d6 6. c3 Nf6 7. Re1 O-O 8. d4
Bg4 9. d5 Ne5 10. Nbd2 Nd3 11. Re3 Nxc1 12. Rxc1 Qd7 13. Qc2 Bh6 14. Ree1 Bh3
15. Rcd1 Bxg2 16. Kxg2 b5 17. c4 a6 18. b3 Nh5 19. h3 e5 20. dxe6 fxe6 21. Nf1
Qc6 22. Qd3 Rad8 23. Ne3 Nf6 24. Ng4 Nxg4 25. hxg4 Qb7 26. Rh1 Bg7 27. Ng5 Bd4
28. f4 bxc4 29. bxc4 Rde8 30. Rxh7 Qxh7 31. Nxh7 Kxh7 32. g5 Rb8 33. Rh1+ Kg7
34. Rb1 e5 35. f5 Rb4 36. f6+ Kf7 37. a3 Rbb8 38. Qc2 Be3 39. Rxb8 Rxb8 40. Qa4
Rb2+ 41. Kf3 Bxg5 42. Qd7+ Kxf6 43. Qxd6+ Kf7 44. Qd5+ Kg7 45. Qxe5+ Bf6 46.
Qc7+ Kh6 47. Qxc5 Rb3+ 48. Kg4 Rc3 49. e5 1-0

[Event "II Aberto Prof Joao Braga"]
[Site "Clube de Xadrez Sao Paulo"]
[Date "2014.12.14"]
[Round "6.12"]
[White "De Oliveira, Francemir Barra"]
[Black "Noseda, Francesco"]
[Result "0-1"]
[WhiteElo "1751"]
[BlackElo "1968"]
[PlyCount "114"]
[EventDate "2014.12.12"]

1. e4 c5 2. Nf3 d6 3. d4 cxd4 4. Nxd4 Nf6 5. Nc3 Nc6 6. Bc4 Qb6 7. Nde2 e6 8.
a3 Be7 9. f4 Ng4 10. Rf1 Nxh2 11. Rf2 Ng4 12. Rf1 a6 13. Rf3 Bd7 14. b4 Rc8 15.
Qd3 Qc7 16. Bb3 Bh4+ 17. g3 Be7 18. Bb2 O-O 19. O-O-O Na7 20. Rh1 Nb5 21. Nd1
Bf6 22. e5 g6 23. exf6 Bc6 24. Rff1 Bxh1 25. Rxh1 d5 26. Rh4 h5 27. Qd2 Nd6 28.
Be5 Ne4 29. Qd3 Nxe5 30. fxe5 Qxe5 31. Kb1 Qxf6 32. Rf4 Qe5 33. Rf1 b5 34. Rf4
g5 35. Rf3 f6 36. Nd4 Rfd8 37. c3 Kg7 38. Kb2 f5 39. Bc2 Rh8 40. a4 Nd6 41. Re3
Ne4 42. axb5 axb5 43. Qxb5 Kf6 44. Nc6 Qd6 45. Nd4 h4 46. Bxe4 dxe4 47. gxh4
Rxh4 48. Re1 Rh2+ 49. Kb1 Qd5 50. Re2 Qxb5 51. Rxh2 Qd3+ 52. Kb2 Qxd1 53. Rh6+
Kg7 54. Rxe6 Qd2+ 55. Kb1 Rxc3 56. Nxf5+ Kf7 57. Re7+ Kg6 0-1

[Event "II Aberto Prof Joao Braga"]
[Site "Clube de Xadrez Sao Paulo"]
[Date "2014.12.14"]
[Round "6.13"]
[White "Teshima, Ricardo Yoshida"]
[Black "Nunes, Allan Hurba"]
[Result "1-0"]
[WhiteElo "1730"]
[BlackElo "1968"]
[PlyCount "160"]
[EventDate "2014.12.12"]

1. Nf3 d5 2. b3 c5 3. e3 Nc6 4. Bb5 Qc7 5. h3 Nf6 6. Bb2 Bf5 7. Ne5 e6 8. d3
Bd6 9. Bxc6+ bxc6 10. f4 Nd7 11. Nxd7 Qxd7 12. g4 Bg6 13. Bxg7 Rg8 14. Bb2 f5
15. Nc3 d4 16. exd4 cxd4 17. Ne2 fxg4 18. hxg4 Bb4+ 19. Kf2 e5 20. a3 Bc3 21.
Bxc3 dxc3 22. Kg3 Bh5 23. Rxh5 Qxg4+ 24. Kf2 Qxh5 25. Qh1 Qxh1 26. Rxh1 Rg7 27.
fxe5 Ke7 28. Rh6 Rf8+ 29. Ke3 Rf5 30. d4 c5 31. a4 cxd4+ 32. Nxd4 Rf8 33. Nc6+
Kd7 34. Nxa7 Rf1 35. Rh2 h5 36. Nb5 h4 37. Nxc3 Rg3+ 38. Kd2 Rfg1 39. Ne2 R1g2
40. Rxh4 Rg5 41. Re4 R5g4 42. Rxg4 Rxg4 43. Ke3 Ke6 44. Kf3 Rh4 45. Nf4+ Kf5
46. Nd3 Rh2 47. c4 Rh3+ 48. Ke2 Rh2+ 49. Ke3 Rh3+ 50. Kd2 Rg3 51. a5 Ke4 52.
Nc5+ Kxe5 53. Kc2 Kd4 54. Na4 Rg2+ 55. Kb1 Rg1+ 56. Ka2 Rg5 57. Ka3 Rxa5 58.
Kb4 Ra8 59. Kb5 Rb8+ 60. Nb6 Rh8 61. c5 Kc3 62. Ka4 Rh4+ 63. Nc4 Kd4 64. Kb4
Rh5 65. c6 Rc5 66. Na5 Kd5 67. Ka4 Rc1 68. Kb5 Kd6 69. Kb6 Rb1 70. c7 Kd7 71.
Kb7 Rc1 72. Nc4 Rc3 73. c8=Q+ Ke7 74. Qc7+ Kf8 75. Qc5+ Kg8 76. b4 Rb3 77. b5
Kf7 78. Nd6+ Kf8 79. Qf5+ Kg7 80. Qf7+ Kh8 1-0

[Event "II Aberto Prof Joao Braga"]
[Site "Clube de Xadrez Sao Paulo"]
[Date "2014.12.14"]
[Round "6.15"]
[White "Ribeiro, Marcos Willian De So"]
[Black "Chagas, Humberto Luiz Cunha"]
[Result "1-0"]
[WhiteElo "1945"]
[BlackElo "1815"]
[PlyCount "61"]
[EventDate "2014.12.12"]

1. e4 e5 2. Nf3 Nf6 3. Bc4 Nc6 4. Ng5 d5 5. exd5 Na5 6. Bb5+ c6 7. dxc6 bxc6 8.
Qf3 Bb7 9. Bd3 Bd6 10. O-O O-O 11. Nc3 c5 12. Nge4 Nxe4 13. Bxe4 Bxe4 14. Nxe4
f5 15. Nxd6 Qxd6 16. Qc3 Nc6 17. b3 Nd4 18. Qc4+ Kh8 19. Ba3 Qg6 20. f4 Qg4 21.
Rf2 Rf6 22. fxe5 Rg6 23. Bxc5 Rd8 24. Bxd4 f4 25. Bxa7 Rf8 26. Bc5 Rf5 27. Qe4
h5 28. Be7 h4 29. Qf3 h3 30. Qxg4 Rxg4 31. g3 1-0

[Event "II Aberto Prof Joao Braga"]
[Site "Clube de Xadrez Sao Paulo"]
[Date "2014.12.14"]
[Round "6.16"]
[White "Andreeva, Elena"]
[Black "Caporale, Giuseppe Guido"]
[Result "1-0"]
[WhiteElo "1935"]
[BlackElo "1718"]
[PlyCount "55"]
[EventDate "2014.12.12"]

1. e4 c5 2. Nf3 e6 3. d4 cxd4 4. Nxd4 Nc6 5. Nxc6 bxc6 6. Bd3 a5 7. O-O Ba6 8.
Nc3 Qc7 9. Re1 d6 10. Bxa6 Rxa6 11. Qg4 Nf6 12. Qg3 Nd7 13. Bf4 e5 14. Be3 g6
15. Rad1 Bg7 16. Rd3 Nc5 17. Bxc5 dxc5 18. Red1 O-O 19. Na4 c4 20. Rd7 Qb8 21.
Nc5 Ra7 22. Qc3 Rxd7 23. Rxd7 Qb5 24. Qa3 Rb8 25. Na4 Bf8 26. Qf3 f5 27. exf5
c5 28. Qd5+ 1-0

[Event "II Aberto Prof Joao Braga"]
[Site "Clube de Xadrez Sao Paulo"]
[Date "2014.12.14"]
[Round "6.17"]
[White "Capelo, Martinho Figueira"]
[Black "Costa, Edvaldo Da Cruz"]
[Result "1-0"]
[WhiteElo "1902"]
[BlackElo "1652"]
[PlyCount "85"]
[EventDate "2014.12.12"]

1. d4 d5 2. Bf4 e6 3. Nf3 Bd6 4. Bg3 Bxg3 5. hxg3 c5 6. e3 Nc6 7. c3 Nf6 8. Bd3
Bd7 9. Nbd2 Qb6 10. Qc2 h6 11. Ne5 cxd4 12. exd4 Nxe5 13. dxe5 Ng4 14. Nf3 Qc7
15. Qe2 Bc6 16. O-O O-O 17. Rae1 f6 18. Nd4 Nxe5 19. Nxe6 Qb6 20. Nxf8 Kxf8 21.
b3 Rd8 22. Rd1 Bd7 23. Qc2 d4 24. c4 Qa5 25. Be4 Nc6 26. Bd5 Ne7 27. Qd2 Qa3
28. Qxd4 Bc6 29. Qe4 Nxd5 30. cxd5 Bb5 31. Rfe1 Re8 32. Qc2 Rxe1+ 33. Rxe1 Qd6
34. Qc8+ Kf7 35. Qxb7+ Bd7 36. Re6 Qc5 37. Qxd7+ Kg6 38. Qe8+ Kg5 39. d6 Qc1+
40. Re1 Qc2 41. d7 Qxa2 42. f4+ Kf5 43. Qe4+ 1-0

[Event "II Aberto Prof Joao Braga"]
[Site "Clube de Xadrez Sao Paulo"]
[Date "2014.12.14"]
[Round "6.18"]
[White "Mendes, Rodrigo Machado"]
[Black "Hoshino, Karen"]
[Result "0-1"]
[WhiteElo "1896"]
[BlackElo "1712"]
[PlyCount "178"]
[EventDate "2014.12.12"]

1. c4 Nf6 2. g3 g6 3. Bg2 Bg7 4. Nc3 c5 5. Nf3 O-O 6. O-O d6 7. Rb1 Nc6 8. a3
Bf5 9. d3 Rb8 10. b4 cxb4 11. axb4 Nd7 12. Qb3 Nde5 13. Nd2 Nxd3 14. exd3 Bxd3
15. Re1 Bxb1 16. Ndxb1 Nd4 17. Qa2 a6 18. Bg5 Ne6 19. Be3 Re8 20. Nd5 Nd4 21.
Bg5 Ne6 22. Be3 Nd4 23. Qd2 Nc6 24. Na3 e6 25. Bb6 Qd7 26. Bh3 Ne7 27. Nf4 Qc6
28. Ba7 Ra8 29. Be3 Nf5 30. Bxf5 exf5 31. Nd5 Rac8 32. Rd1 b5 33. Bd4 Re6 34.
Nf4 Re4 35. Bxg7 Kxg7 36. Qb2+ f6 37. cxb5 axb5 38. Qd2 Rce8 39. Nc2 g5 40. Nd5
Re2 41. Qd4 Qxc2 42. Qxf6+ Kg8 43. Qxg5+ Kh8 44. Qf6+ Kg8 45. Rf1 Re1 46. Qxd6
Rxf1+ 47. Kxf1 Qb1+ 48. Kg2 Qe4+ 49. f3 Qe2+ 50. Kh3 Re6 51. Qd8+ Kg7 52. Qd7+
Kg8 53. Qd8+ Kg7 54. Qg5+ Rg6 55. Qxf5 Qf1+ 56. Kh4 Rh6+ 57. Kg4 Qh3+ 58. Kf4
Qxf5+ 59. Kxf5 Rxh2 60. g4 h5 61. gxh5 Rxh5+ 62. Ke4 Kf7 63. Kd4 Rf5 64. Ke4
Rh5 65. f4 Ke6 66. Nc7+ Kd6 67. Ne8+ Kc6 68. Ng7 Rh1 69. f5 Kd6 70. Ne8+ Ke7
71. Nc7 Kd7 72. Na6 Kc6 73. Ke5 Re1+ 74. Kf6 Re4 75. Kg7 Kb6 76. f6 Rg4+ 77.
Kh6 Kxa6 78. f7 Rf4 79. Kg7 Kb6 80. f8=Q Rxf8 81. Kxf8 Kc6 82. Ke7 Kd5 83. Kf6
Kc4 84. Ke5 Kxb4 85. Kd4 Kb3 86. Kd3 b4 87. Kd2 Kb2 88. Kd1 b3 89. Kd2 Ka2 0-1

[Event "II Aberto Prof Joao Braga"]
[Site "Clube de Xadrez Sao Paulo"]
[Date "2014.12.14"]
[Round "6.19"]
[White "Costa, Giovanni"]
[Black "Silvestre, Gilmar Severino"]
[Result "1-0"]
[WhiteElo "1855"]
[BlackElo "1636"]
[PlyCount "71"]
[EventDate "2014.12.12"]

1. d4 Nf6 2. Nf3 e6 3. Bg5 Be7 4. Nbd2 O-O 5. e3 b6 6. Bd3 Bb7 7. c3 d6 8. Bxf6
Bxf6 9. e4 Nd7 10. Qe2 c5 11. O-O Re8 12. e5 dxe5 13. dxe5 Bg5 14. Ne4 Bxe4 15.
Qxe4 f5 16. exf6 Nxf6 17. Qe2 Bf4 18. Rad1 Qc7 19. Bb5 Re7 20. g3 Bd6 21. Rd2
Rd8 22. Rfd1 e5 23. Ng5 h6 24. Qc4+ Kh8 25. Ne6 Rxe6 26. Qxe6 Ne4 27. Rd5 c4
28. h4 Rf8 29. Rxd6 Qc5 30. R6d4 exd4 31. Qxe4 Qxb5 32. Qxd4 Qxb2 33. a4 Rf3
34. Qe4 Qxf2+ 35. Kh1 Rxg3 36. Rd8+ 1-0

[Event "II Aberto Prof Joao Braga"]
[Site "Clube de Xadrez Sao Paulo"]
[Date "2014.12.14"]
[Round "6.20"]
[White "Yoshioka, Andre"]
[Black "Vieira, Alexandre Letizio"]
[Result "1/2-1/2"]
[WhiteElo "1685"]
[BlackElo "1818"]
[PlyCount "81"]
[EventDate "2014.12.12"]

1. d4 d5 2. c4 c6 3. cxd5 cxd5 4. Nf3 Nc6 5. Nc3 a6 6. e3 Nf6 7. Bd3 Bg4 8. h3
Bh5 9. Be2 e6 10. O-O Bd6 11. Bd2 O-O 12. Rc1 Rc8 13. a3 b5 14. b4 h6 15. Na2
Ne4 16. Bc3 f5 17. Bb2 g5 18. Nd2 Nxd2 19. Qxd2 Bg6 20. f4 Qb6 21. Bc3 Rc7 22.
Rc2 Rg7 23. Bf3 Ne7 24. Bb2 Bb8 25. Nc1 g4 26. Bd1 gxh3 27. gxh3 Nc8 28. Rf2
Nd6 29. Rg2 Ne4 30. Qe1 Kh7 31. Nd3 Rfg8 32. Nc5 Qd6 33. Nxe4 fxe4 34. Bg4 Bf5
35. Bxf5+ exf5 36. Rxg7+ Rxg7+ 37. Rg2 Rxg2+ 38. Kxg2 Qg6+ 39. Qg3 Bd6 40.
Qxg6+ Kxg6 41. Bc3 1/2-1/2

[Event "II Aberto Prof Joao Braga"]
[Site "Clube de Xadrez Sao Paulo"]
[Date "2014.12.14"]
[Round "6.21"]
[White "Dinegri, Rodrigo"]
[Black "Nikolic, Jovane"]
[Result "1/2-1/2"]
[WhiteElo "1652"]
[BlackElo "1773"]
[PlyCount "72"]
[EventDate "2014.12.12"]

1. d4 c5 2. Nf3 g6 3. e4 Bg7 4. c3 cxd4 5. cxd4 Nf6 6. e5 Ne4 7. Nc3 d5 8. Bd3
Qa5 9. O-O Nxc3 10. Qc2 Bg4 11. bxc3 Bxf3 12. gxf3 O-O 13. a4 e6 14. Rb1 Qc7
15. Ba3 Rc8 16. Rb3 Nc6 17. Bd6 Qd7 18. Qb2 Na5 19. Rb5 b6 20. Rb1 Nc4 21. Bxc4
Rxc4 22. a5 Rac8 23. axb6 axb6 24. Rc1 Qd8 25. Rxb6 Qg5+ 26. Kf1 Bh6 27. Ra1
Rxc3 28. Qxc3 Rxc3 29. Rb8+ Bf8 30. Bxf8 Rc1+ 31. Ke2 Rc2+ 32. Kf1 Rxf2+ 33.
Kxf2 Qd2+ 34. Kg3 Qg5+ 35. Kf2 Qd2+ 36. Kg3 Qg5+ 1/2-1/2

[Event "II Aberto Prof Joao Braga"]
[Site "Clube de Xadrez Sao Paulo"]
[Date "2014.12.14"]
[Round "6.25"]
[White "Nunes, Adilson"]
[Black "Yoshioka, Hugo"]
[Result "1-0"]
[WhiteElo "1713"]
[BlackElo "1500"]
[PlyCount "95"]
[EventDate "2014.12.12"]

1. d4 d5 2. Nf3 Bf5 3. e3 e6 4. Nbd2 Nf6 5. Nh4 Bg6 6. Nxg6 hxg6 7. Bd3 c6 8.
c3 Nbd7 9. e4 Be7 10. e5 Nh7 11. Nf3 Ng5 12. h3 Nxf3+ 13. Qxf3 Bg5 14. Qg4 Bxc1
15. Rxc1 Qe7 16. O-O O-O-O 17. f4 Rdg8 18. c4 Nf8 19. cxd5 Rh4 20. Qf3 exd5 21.
Qxd5 Kb8 22. Qb3 Ka8 23. d5 Qd7 24. dxc6 bxc6 25. Qc4 Ne6 26. Be4 Nd8 27. Bxc6+
Nxc6 28. Qxc6+ Qxc6 29. Rxc6 Rb8 30. Rf2 Rhh8 31. Rd2 Rhf8 32. b3 Rb7 33. Rcd6
a5 34. R2d5 Kb8 35. Rxa5 f5 36. Rxg6 Re8 37. e6 Ree7 38. Rxf5 Ka7 39. Rfg5 Kb6
40. h4 Kc6 41. h5 Kd6 42. f5 Ra7 43. a4 Rab7 44. a5 Ra7 45. b4 Rab7 46. a6 Ra7
47. b5 Rac7 48. b6 1-0

[Event "II Aberto Prof Joao Braga"]
[Site "Clube de Xadrez Sao Paulo"]
[Date "2014.12.14"]
[Round "6.26"]
[White "Da Silva, Camila Evaristo"]
[Black "Schultz, Rauanda"]
[Result "0-1"]
[WhiteElo "1657"]
[BlackElo "1492"]
[PlyCount "118"]
[EventDate "2014.12.12"]

1. e4 c6 2. d4 d5 3. Nc3 dxe4 4. Nxe4 Bf5 5. Ng3 Bg6 6. Nf3 Nf6 7. Bd3 Bxd3 8.
Qxd3 e6 9. O-O Bd6 10. Re1 O-O 11. Bg5 Nbd7 12. Ne5 Qc7 13. Qe2 c5 14. Nxd7
Nxd7 15. dxc5 Bxc5 16. Ne4 Bd4 17. c3 Be5 18. Kh1 Bf4 19. Be7 Rfe8 20. Ba3 Rad8
21. Rad1 Nb6 22. b3 Nd5 23. c4 Ne7 24. Bb2 Be5 25. Bxe5 Qxe5 26. Nd6 Qxe2 27.
Rxe2 Rd7 28. Red2 Red8 29. Ne4 b6 30. Rxd7 Rxd7 31. Rd2 Rxd2 32. Nxd2 Nc6 33.
Ne4 Kf8 34. Kg1 Ke7 35. Kf1 a5 36. Ke2 Nb4 37. a3 Nc2 38. Kd3 Nxa3 39. Nc3 Kd6
40. Kd2 Kc5 41. Kc1 b5 42. Kb2 Nxc4+ 43. bxc4 Kxc4 44. Nb1 a4 45. Na3+ Kb4 46.
Nc2+ Kc4 47. Ka3 Kd3 48. Ne1+ Kc3 49. f4 b4+ 50. Kxa4 b3 51. Ka3 b2 52. Ka2 Kd2
53. Nf3+ Kc1 54. Nd2 Kxd2 55. Kxb2 Ke3 56. g3 Kf3 57. Kc3 Kg2 58. Kd4 Kxh2 59.
g4 Kg3 0-1

[Event "II Aberto Prof Joao Braga"]
[Site "Clube de Xadrez Sao Paulo"]
[Date "2014.12.14"]
[Round "6.28"]
[White "Camargo, Luca Oshiro"]
[Black "Christen, Peter Walter"]
[Result "1-0"]
[WhiteElo "1488"]
[BlackElo "1548"]
[PlyCount "51"]
[EventDate "2014.12.12"]

1. e4 e6 2. d4 d5 3. Nc3 Bb4 4. Bd3 dxe4 5. Bxe4 Nf6 6. Qd3 Nxe4 7. Qxe4 Nc6 8.
Nf3 O-O 9. O-O h6 10. Bf4 Bd6 11. Bxd6 cxd6 12. Rfe1 d5 13. Qf4 Qf6 14. Qxf6
gxf6 15. Re3 Kh7 16. a3 Bd7 17. Ne2 Rg8 18. h3 Rg7 19. Nf4 Rag8 20. c3 e5 21.
dxe5 fxe5 22. Nxe5 Nxe5 23. Rxe5 Bc6 24. g3 f6 25. Re6 Rg6 26. Nxg6 1-0